Normal view
MARC view
- Tan, Stuart
Entry Personal Name
001 - CONTROL NUMBER
- control field: 1228
003 - CONTROL NUMBER IDENTIFIER
- control field: OSt
005 - DATE AND TIME OF LATEST TRANSACTION
- control field: 20170504111046.0
008 - FIXED-LENGTH DATA ELEMENTS
- fixed length control field: 170504|| aca||aabn | a|a d
040 ## - CATALOGING SOURCE
- Original cataloging agency: OSt
- Transcribing agency: OSt
100 ## - HEADING--PERSONAL NAME
- Personal name: Tan, Stuart
670 ## - SOURCE DATA FOUND
- Source citation: Work cat.: (OSt)0: Khoo, Adam, 1974- 1226, Master your mind, design your destiny :, 2004

PORTAL AKMAL
E-MEL JKDM
AKMAL2U
G-BAM
u-PUSTAKA